000 00347 a2200157 4500
001 56669
020 _a8535702903
040 _cAnchieta - Pituba
100 _aMott, Odette de Barros
240 1 0 _aJustino, o retirante
_lpor
245 1 0 _aJustino, o retirante
300 _a144
362 0 _a2003
650 4 _aLiteratura juvenil
942 _cBK
999 _c56669
_d56669